[Event "IIFL Wealth 4th Mumbai GM"]
[Site "Mumbai"]
[Date "2019.01.01"]
[Round "3"]
[White "Safranska, Anda"]
[Black "Nepal, Prakash"]
[Result "1-0"]
[WhiteElo "2189"]
[BlackElo "1902"]
[Annotator "TA"]
[PlyCount "141"]
[EventDate "2018.12.30"]
[EventType "swiss"]
[EventCountry "IND"]
[SourceTitle "playchess.com"]
[Source "ChessBase"]
[SourceQuality "1"]

{[%evp 11,141,6,28,28,33,24,28,14,38,42,39,42,41,43,66,4,15,11,11,6,6,16,20,20,37,38,23,29,45,21,93,86,70,74,171,175,170,78,69,38,30,-36,-29,-25,-23,-18,-49,-111,-90,-106,10,8,61,60,63,94,69,21,143,143,147,150,196,161,178,164,164,163,181,181,250,246,262,273,258,265,270,253,284,275,320,283,418,289,271,190,410,370,443,328,304,310,319,297,396,379,607,591,612,595,623,614,610,589,562,533,536,520,651,409,465,0,641,634,615,479,536,535,481,487,1120,985,29986,29986,29986,29987,29987,29988,29990,29991,29990,29991]} 1. Nf3 c5 2. g3 b6 3. Bg2 Bb7 4. O-O g6 5. d3 Bg7 6. e4 Nc6 {LiveBook: 11 Games. A04: Unusual lines after 1 Nf3 and King's Indian Attack} (6... d6 7. c3 Nf6 8. Nbd2 O-O 9. Re1 Nc6 10. a3 Nd7 11. Nb3 b5 12. d4 a5 13. Be3 a4 14. Nbd2 Qb6 15. d5 Nce5 16. Nxe5 Nxe5 17. Qe2 {0-1 (42) Anton Guijarro,D (2666)-Carlsen,M (2837) Riadh 2017}) 7. Re1 e5 8. c3 Nge7 {White has an edge.} 9. a3 $146 ({Predecessor:} 9. c4 O-O 10. Nc3 h6 11. Nd5 d6 12. Bd2 f5 13. Nxe7+ Nxe7 14. exf5 Nxf5 {0-1 (42) Vukovic,I (2271)-Ulybin,M (2574) Oberwart 2001}) 9... a5 10. a4 O-O 11. Na3 d5 12. exd5 Nxd5 13. Nc4 (13. Qb3 $14) 13... Qc7 $11 14. Qb3 Rad8 15. Nfd2 Nce7 16. Na3 Kh8 17. Ndc4 $36 {[%mdl 2048] Black is under pressure.} Bc6 18. Nb5 Qb8 19. Bd2 f6 20. Rad1 Rd7 (20... Nf5 $1 $11) 21. d4 $16 cxd4 22. cxd4 Rfd8 (22... Nf5 $16) 23. dxe5 $18 fxe5 24. Nc3 (24. Bg5 $18 {and White stays clearly on top.}) 24... Nb4 $16 25. Ne4 Bd5 26. Bf1 (26. Ng5 $11 Bg8 27. Bxb4 Rxd1 28. Rxd1 axb4 29. Rxd8 Qxd8 30. Qxb4) 26... Nec6 27. Bg5 Nd4 28. Rxd4 $1 exd4 29. Bxd8 (29. Nf6 $1 $15) 29... Qxd8 $17 30. Qd1 {[#]} h6 ({Black should play} 30... d3 $1 $17 {[%mdl 512]} 31. Ned6 (31. Bxd3 Bxc4) 31... Rxd6 32. Nxd6 Qxd6 33. Bxd3 Nxd3 34. Re8+ Bg8) 31. Qg4 $11 {Threatens to win with Nxb6!} Kh7 {[#]} ({Black should try} 31... Re7 $11 32. Qxg6 Re6) 32. Nxb6 $1 $14 {[%mdl 512]} Rf7 (32... Qxb6 33. Qxd7) 33. Nxd5 Qxd5 34. Nd2 Rc7 (34... d3 $11) 35. Re6 $16 Qg5 36. Qe4 Rf7 37. f4 Qf5 38. Qxf5 Rxf5 39. Rd6 Rc5 40. Bc4 Rc6 (40... Rc7 $142 41. b3 Bf8) 41. Rd7 $18 Nc2 42. b3 Ne3 43. Kf2 Ng4+ 44. Kg2 Ne3+ 45. Kf3 g5 46. f5 g4+ (46... h5 $142 47. Ra7 Rc5) 47. Ke4 h5 48. Ra7 Kh6 $2 (48... Nd1 {might work better.} 49. Kf4 (49. Rxa5 Nf2+ 50. Kd5 Rf6 $18) 49... Kh6) 49. Rxa5 Kg5 50. f6+ Kxf6 51. Rxh5 Kg6 52. Ra5 Rc8 53. Ra6+ Bf6 $2 (53... Kh7 54. Kd3 Nd1) 54. Kd3 Kg7 55. Ne4 Be5 56. Re6 Bb8 57. Re7+ Kg6 58. Bf7+ Kh6 59. Be6 Rd8 60. Nf2 Kg5 61. Ne4+ $2 ({Better is} 61. Rb7 $18) 61... Kg6 $2 {[%mdl 8192]} (61... Kh6 $11 62. a5 Ng2) 62. Bf7+ Kh6 63. Re8 Rxe8 64. Bxe8 {[%mdl 4096] Endgame KBN-KBN} Ba7 65. b4 {[%cal Bb3b4,Bb4b5,Bb5b6][%mdl 32]} Nf1 (65... Nd5 $142 66. Kc4 Ne3+ 67. Kb3 d3) 66. a5 {[%cal Ba4a5,Ba5a6][%mdl 32]} Nxh2 67. b5 {White mates.} Nf3 68. b6 Bb8 69. a6 Ne5+ 70. Kxd4 Nf3+ 71. Kd5 {Accuracy: White = 63%, Black = 32%.} 1-0

[Event "IIFL Wealth 4th Mumbai GM"]
[Site "Mumbai"]
[Date "2019.01.01"]
[Round "3"]
[White "Patil, Pratik"]
[Black "Srihari L R"]
[Result "1/2-1/2"]
[WhiteElo "2178"]
[BlackElo "2316"]
[Annotator "TA"]
[PlyCount "73"]
[EventDate "2018.12.30"]
[EventType "swiss"]
[EventCountry "IND"]
[SourceTitle "playchess.com"]
[Source "ChessBase"]
[SourceQuality "1"]

{[%evp 15,73,45,43,13,14,0,64,54,67,55,54,54,79,68,86,-2,0,-21,-18,-19,27,27,30,40,37,12,21,21,23,20,37,14,71,73,104,110,102,101,108,97,99,77,77,84,93,95,104,10,97,94,102,107,95,90,120,0,96,0,121,0]} 1. e4 d6 2. d4 Nf6 3. Nc3 c6 4. f4 Qa5 5. Bd3 e5 6. Nf3 Nbd7 7. Be3 Be7 8. Qd2 {B07: Pirc Defence: Miscellaneous Systems} O-O {LiveBook: 6 Games} 9. O-O Qc7 10. Kh1 {The position is equal.} a6 $146 (10... b5 $11) ({Predecessor:} 10... b5 11. Rae1 Bb7 12. a3 a6 13. h3 Nh5 14. Ne2 c5 15. c3 f5 {0-1 (36) Topalov,V (2645)-Adams,M (2640) Cap d'Agde 1994}) 11. a4 $1 $14 b6 12. Bc4 exd4 13. Bxd4 Bb7 14. e5 Nd5 15. Bxd5 (15. Rae1 $16) 15... cxd5 $11 16. e6 fxe6 {And now ...e5 would win.} 17. Qe3 Nc5 (17... e5 {is more complex.} 18. fxe5 Nxe5 19. Nxe5 dxe5 20. Bxe5 Qc4) 18. Bxc5 $1 dxc5 19. Qxe6+ {[%mdl 64] [#] Double Attack} Kh8 20. Nxd5 Bxd5 21. Qxd5 Qxf4 22. Rae1 Qd6 23. Qe6 $36 {[%mdl 2048] White has some pressure.} Rae8 (23... Qxe6 $11 24. Rxe6 Bd8) 24. Qe2 $16 Qb8 {[#] Strongly threatening ...Bh4!} 25. Qxa6 Bf6 26. b3 h6 27. Qc4 Qd6 28. Re4 Rxe4 29. Qxe4 Rd8 30. h3 Qg3 31. Qg4 ({White should play} 31. Rc1 $16) 31... Qc7 (31... Qxg4 $11 {keeps the balance.} 32. hxg4 c4) 32. Nh4 Qc6 33. Ng6+ Kg8 34. Qc4+ Kh7 35. Qg4 Kg8 $1 36. Qc4+ Kh7 37. Qg4 {Accuracy: White = 45%, Black = 49%.} ({White must play} 37. Qf7 $16) 1/2-1/2

[Event "IIFL Wealth 4th Mumbai GM"]
[Site "Mumbai"]
[Date "2019.01.01"]
[Round "3"]
[White "Varshini, V."]
[Black "Ravi, Teja S."]
[Result "1-0"]
[WhiteElo "2171"]
[BlackElo "2396"]
[Annotator "TA"]
[PlyCount "135"]
[EventDate "2018.12.30"]
[EventType "swiss"]
[EventCountry "IND"]
[SourceTitle "playchess.com"]
[Source "ChessBase"]
[SourceQuality "1"]

{[%evp 9,135,31,44,-2,0,0,0,0,1,0,1,2,0,-9,0,0,0,0,6,0,6,0,8,0,0,0,0,0,0,-27,0,0,7,0,5,-71,-31,-36,-37,-29,0,0,0,0,0,-8,0,0,0,0,0,-10,3,0,116,7,2,10,6,15,171,177,161,158,128,170,812,804,801,775,1314,1314,1531,1399,5516,5457,5257,291,1190,1175,5197,5136,4794,4702,1866,1792,29940,29942,29987,29988,29988,29989,29989,29990,29990,29975,29975,29976,29976,29977,29977,29978,5314,5310,29980,29981,29981,29982,29982,29983,29984,29985,29985,29986,29986,29987,29987,29988,29988,29989,29989,29990,29994,29993,29993,29994,29996,1018]} 1. e4 c6 2. d4 d5 3. Nc3 a6 4. Nf3 Bg4 5. Be2 (5. h3 Bh5 6. exd5 cxd5 7. g4 Bg6 8. Ne5 Nc6 9. h4 Nxe5 10. dxe5 d4 11. h5 Bxh5 12. gxh5 dxc3 13. Qxd8+ Kxd8 {½-½ (34) Lu,S (2640)-Zhou,J (2616) China 2018}) 5... e6 {LiveBook: 38 Games} 6. exd5 {B15: Caro-Kann: 3 Nc3: 3...g6 and 3...dxe4 4 Nxe4 Nf6 5 Nxf6+ exf6} (6. h3 {with more complications.} Bxf3 7. Bxf3 Nd7 8. O-O Bd6 9. Qd3) 6... cxd5 7. Ne5 Bxe2 8. Nxe2 {The position is equal.} Nd7 $146 ({Predecessor:} 8... Bd6 9. f4 Nf6 10. O-O Ne4 11. Ng3 Nxg3 12. hxg3 h5 {1-0 (26) Petrovic,V-Ninic,M Belgrad 1933}) 9. Nxd7 Qxd7 10. Bf4 Ne7 11. h3 Nf5 12. O-O Bd6 13. c3 O-O 14. Qd2 Qb5 15. a4 Qc6 16. a5 Qb5 17. Rfb1 Rfe8 18. Bxd6 Nxd6 19. Qf4 Ne4 20. Ng3 Nf6 21. Qf3 Rac8 22. b4 (22. Qe2 $11) 22... Qc6 23. Rc1 Rc7 24. Ra3 Ne4 25. Nxe4 dxe4 26. Qe3 Qd5 27. Rb1 f5 28. b5 axb5 29. Rab3 {[#]} b4 $1 {[%mdl 512]} 30. cxb4 {[%cal Bc3b4,Bb4b5,Bb5b6,Bb6b7][%mdl 32]} (30. Rxb4 Qxa5) 30... Qb5 31. Rc3 Rc4 (31... Rd7 $11) 32. Rxc4 (32. Qe2 $1 $16 {[%cal Re2c4]} Rec8 33. Rbc1 Rxc3 34. Qxb5 Rxc1+ 35. Kh2) 32... Qxc4 $16 {[%mdl 4096] Endgame KQR-KQR} 33. b5 Qa2 34. Qe1 Ra8 $2 (34... h6 $11 {and Black is okay.}) 35. a6 $1 $18 {[%cal Ra6b7]} bxa6 36. b6 Rb8 37. b7 {aiming for Qc1.} h6 $2 (37... Qa3) 38. Qc1 $1 Kh7 39. Rb6 e3 40. fxe3 Qe2 41. Kh2 f4 42. Qb1+ Kg8 43. exf4 $2 (43. Rc6 {White threatens Qg6 and mate.} Kf7 44. Rc7+ Kf6 45. Qh7 Rg8 46. b8=Q Qxe3 47. Rf7+ $1 {[%mdl 512]} Kg5 48. Rxg7+ {[%mdl 64] Overworked Piece} Rxg7 49. Qd8+ Kh5 50. Qh4+ $1 {[%mdl 576] Deflection, Decoy} Kxh4 51. Qxh6#) 43... Qe3 $2 (43... Qc4 44. Rd6 Qc7 45. Rxe6 Rxb7) 44. Rc6 a5 45. Rc8+ {[%mdl 64] Double Attack} Kf7 46. Qb5 Qxf4+ 47. Kh1 {Qe8+ would kill now.} Kg6 48. Qe8+ {[%mdl 64] Double Attack} Kh7 49. Qg8+ Kg6 50. Qxe6+ Kh7 51. Qg8+ Kg6 52. Qe8+ Kh7 53. Rxb8 Qf1+ 54. Kh2 Qf4+ 55. Kg1 Qxd4+ 56. Kf1 {Intending Qg8+ and mate.} Qf4+ 57. Ke2 {White mates.} Qc4+ 58. Kf3 Qf1+ 59. Ke3 Qc1+ 60. Kd4 Qb2+ 61. Kc5 Qb4+ 62. Kc6 Qc4+ 63. Kb6 Qd4+ 64. Ka6 Qd6+ {[#]} 65. Ka7 $1 Qd3 66. Qg8+ Kg6 67. Qe6+ Kh7 {[#]} 68. Rh8+ $1 {[%mdl 576] Decoy, Clearance, Promotion. Accuracy: White = 59%, Black = 33%.} 1-0

[Event "IIFL Wealth 4th Mumbai GM"]
[Site "Mumbai"]
[Date "2019.01.01"]
[Round "3"]
[White "Thrish Karthik"]
[Black "Srijit Paul"]
[Result "1/2-1/2"]
[WhiteElo "2168"]
[BlackElo "2298"]
[Annotator "TA"]
[PlyCount "86"]
[EventDate "2018.12.30"]
[EventType "swiss"]
[EventCountry "IND"]
[SourceTitle "playchess.com"]
[Source "ChessBase"]
[SourceQuality "1"]

{[%evp 24,86,-18,-17,15,0,35,0,19,0,0,-12,64,64,173,179,187,179,176,72,87,58,24,-62,0,-328,-305,-311,-305,-1245,0,0,357,355,344,323,591,620,603,599,1819,1447,1468,1468,1218,0,0,0,0,0,0,0,0,0,0,0,0,0,0,0,0,0,0,-29997,-29998]} 1. d4 f5 2. g3 Nf6 3. Bg2 g6 4. Nf3 Bg7 5. O-O O-O 6. c4 d6 7. Nc3 Nc6 8. d5 Ne5 9. Nxe5 dxe5 10. e4 f4 11. f3 g5 12. g4 {A89: Dutch Defence: Leningrad System: 5 Nf3 0-0 6 0-0 d6 7 Nc3 Nc6} h5 13. h3 {LiveBook: 5 Games} c6 $146 ({Predecessor:} 13... hxg4 14. hxg4 c6 15. Qe2 Kf7 16. Rd1 Qb6+ 17. Kf1 Kg6 18. Rb1 Nxg4 19. b4 Nf6 {0-1 (33) Khaje Hesamedini,A (2233)-Rodi,L (2338) Rio de Janeiro 2016}) 14. Qb3 {The position is equal.} Kh7 15. Rd1 Qe8 16. Bd2 Qg6 17. Kf2 hxg4 (17... Kg8 $11) 18. hxg4 $14 Bxg4 (18... Rd8 $14) 19. fxg4 $18 Nxg4+ 20. Ke2 {[%cal Bf2e2,Be2d3,Bd3c3,Bc3b4,Bb4a4,Ba4a3][%mdl 32]} Nh6 21. Rg1 (21. Qxb7 $6 g4) (21. Rh1 $18 {is more deadly.}) 21... g4 22. Kd3 f3 23. Bh3 (23. Bf1 $1 $11) 23... cxd5 (23... Qh5 $1 $15 24. Bxh6 (24. Qxb7 f2 $15) 24... f2 25. Bxg4 fxg1=Q 26. Rxg1 Qxh6) 24. Nxd5 $2 {[%mdl 8192]} (24. cxd5 $11 Qa6+ 25. Qb5 gxh3 26. Qxa6 bxa6 27. Rh1) 24... e6 $19 25. Bxh6 exd5 (25... Qxh6 $2 26. Bxg4 exd5 27. Rh1 $18) 26. Bxg7 $2 {[#]} (26. Rxg4 dxc4+ 27. Qxc4 Qxh6 28. Rxg7+ $1 {[%mdl 512]} Kxg7 29. Qc7+ Rf7 30. Rg1+ Kf8 31. Qc5+ Re7 32. Qd5) 26... Qxe4+ $2 (26... dxc4+ $1 $19 27. Qxc4 Rfd8+ 28. Kc3 Rac8) 27. Kc3 $11 d4+ $2 {[%mdl 8192]} (27... f2 $11 {and Black is okay.} 28. Bxf8 Qe3+ 29. Kc2 Qe2+ 30. Kc3 Rxf8) 28. Kb4 $18 a5+ {[#]} 29. Ka4 $1 ({And not} 29. Ka3 a4 $11) 29... b5+ $2 (29... Qc6+ 30. Qb5 Kxg7) 30. Qxb5 Rfb8 31. Qxe5 Qc2+ 32. b3 Rb4+ 33. Ka3 Rab8 34. Rab1 $2 ({White has to play} 34. Qh5+ $18 Kg8 35. Qd5+ Kh7 36. Rgb1) 34... a4 $11 {[%cal Rb4b3]} 35. Qh5+ {[%mdl 64] Double Attack} Kg8 {[%cal Rb4b3]} 36. Qd5+ Kh7 {[%cal Rb4b3]} 37. Qh5+ {[%mdl 64] Double Attack} Kg8 {[%cal Rb4b3]} 38. Qd5+ Kh7 {[%cal Rb4b3]} 39. Qh5+ {[%mdl 64] Double Attack} Kg8 {[%cal Rb4b3]} 40. Qd5+ Kh7 {[%cal Rb4b3]} 41. Qh5+ {[%mdl 64] Double Attack} Kg8 {[%cal Rb4b3]} 42. Qd5+ Kh7 {[%cal Rb4b3] ( -> ...Rxb3+!)} 43. Ra1 $2 {[%mdl 8192] [#]} ({Less strong is} 43. Qh5+ Kg8 $18) (43. c5 $11 axb3 44. Rb2 (44. axb3 R4b7 $11)) 43... Rxb3+ $1 {[%mdl 33280] Accuracy: White = 33%, Black = 23%. . An unexpected result.} 1/2-1/2

[Event "IIFL Wealth 4th Mumbai GM"]
[Site "Mumbai"]
[Date "2019.01.01"]
[Round "3"]
[White "Harshavardhan G B"]
[Black "Dushyant Sharma"]
[Result "1-0"]
[WhiteElo "2163"]
[BlackElo "2271"]
[Annotator "TA"]
[PlyCount "89"]
[EventDate "2018.12.30"]
[EventType "swiss"]
[EventCountry "IND"]
[SourceTitle "playchess.com"]
[Source "ChessBase"]
[SourceQuality "1"]

{[%evp 10,89,45,-45,0,0,0,0,15,0,105,37,49,0,13,0,0,0,45,-68,260,262,277,265,262,275,277,263,258,259,271,256,310,303,332,259,349,348,355,346,333,312,383,170,388,363,379,368,527,522,694,721,702,718,622,600,583,557,850,850,1216,1216,1003,1538,1711,595,1680,1689,1682,1463,5830,5810,5757,5742,5206,4841,29984,29985,29985,29986,29986,29987]} 1. d4 Nf6 2. c4 e6 3. Nc3 Bb4 4. Qc2 Nc6 5. Nf3 d6 6. g4 {LiveBook: 5 Games. E33: Nimzo-Indian: Classical: 4...Nc6} (6. Bd2 $14) 6... e5 7. dxe5 dxe5 8. g5 {The position is equal.} Nd7 $146 ({Predecessor:} 8... Bxc3+ 9. bxc3 Nd7 10. Ba3 Nb6 11. Rd1 Bd7 12. Bh3 Bxh3 13. Rxd8+ Rxd8 {1-0 (30) Mamedyarov,S (2743)-Ivanisevic,I (2613) Tromsoe 2014}) 9. Be3 Bc5 (9... Qe7 $11) 10. Qd2 ({White should play} 10. O-O-O $16 Bxe3+ 11. fxe3) 10... Bb4 11. Qc2 Qe7 12. O-O-O {Threatens to win with Nd5.} Bxc3 $1 13. Qxc3 Nc5 14. Rd5 (14. Qa3 $14 Ne6 15. Qxe7+ Kxe7 16. h4) 14... Nb4 $2 {[%mdl 8192] [#]} (14... Ne4 $15 {keeps the upper hand.} 15. Qc2 Nd6) 15. Bxc5 $18 (15. Qxb4 Nd3+ 16. exd3 Qxb4 $17) 15... Nxa2+ 16. Kd2 Nxc3 17. Kxc3 (17. bxc3 Qe6 $16) 17... Be6 18. Bxe7 Bxd5 19. cxd5 Kxe7 20. Nxe5 h6 21. g6 f5 22. Bh3 Rhe8 23. f4 Rad8 24. Rd1 ({Not} 24. Bxf5 Rxd5 25. b4 a5 $18) 24... Kf6 25. Rd4 Rd6 26. Kd3 (26. e4 $142) 26... Re7 $2 {[#]} (26... Rxe5 27. fxe5+ Kxe5) 27. e4 fxe4+ 28. Kxe4 Rb6 (28... Re8 {was necessary.} 29. Ra4 Rb6) 29. b4 Ra6 30. Bc8 Rb6 31. h4 Re8 32. Bd7 Rd8 33. Be6 Ke7 34. f5 Ra6 35. Rc4 Ra1 36. Rxc7+ (36. Nf7 $142) 36... Kd6 37. Rd7+ Rxd7 38. Nxd7 Re1+ 39. Kd3 Rd1+ 40. Ke2 Rg1 41. Kf2 Rc1 42. f6 gxf6 43. g7 {White mates.} Rc2+ 44. Kf3 Rc8 45. Nf8 {Accuracy: White = 57%, Black = 27%.} 1-0

[Event "IIFL Wealth 4th Mumbai GM"]
[Site "Mumbai"]
[Date "2019.01.01"]
[Round "3"]
[White "Ghelani Dhairya"]
[Black "Mohota, Nisha"]
[Result "0-1"]
[WhiteElo "2146"]
[BlackElo "2264"]
[Annotator "TA"]
[PlyCount "46"]
[EventDate "2018.12.30"]
[EventType "swiss"]
[EventCountry "IND"]
[SourceTitle "playchess.com"]
[Source "ChessBase"]
[SourceQuality "1"]

{[%evp 33,46,-188,-181,-29989,-1768,-29992,-29993,-29993,-29994,-29995,-29996,-29996,-29996,-29998,-29999]} 1. d4 Nf6 2. c4 e6 3. Nc3 Bb4 4. e3 O-O 5. Bd3 d5 6. Nf3 c5 7. O-O Nc6 8. a3 Bxc3 9. bxc3 dxc4 10. Bxc4 Qc7 11. Qe2 e5 12. d5 e4 13. dxc6 {E59: Nimzo-Indian: Rubinstein: Main Line: 7...Nc6 8 a3 Bxc3 9 bxc3 dxc4} Ng4 14. g3 exf3 15. Qxf3 Ne5 16. Qf4 Bh3 17. Rd1 Rad8 {LiveBook: 5 Games} ({Weaker is} 17... Qxc6 18. Bd5 $16) 18. Be2 $2 {[#]} (18. Bd5 $19 bxc6 19. Bf3) 18... Qxc6 (18... Rxd1+ $142 19. Bxd1 Qxc6 20. f3 Qb5 21. c4 Qa5 22. Kf2 Nd3+ {[%mdl 64] Double Attack} 23. Ke2 Rd8 24. Qd4 Rxd4 25. Bd2 {[#]} Nf4+ $1 {[%mdl 512]} 26. Kf2 Qxd2+ 27. Be2 Qxe2+ {[%mdl 64] Double Attack} 28. Kg1 Qg2#) 19. e4 Rxd1+ {Black mates.} 20. Bxd1 Qb5 {[%csl Gh3][%cal Rb5f1]} 21. Be2 Qxe2 {[%csl Gh3][%cal Re2f1]} 22. Be3 {[#]} Rd8 $146 ({Predecessor:} 22... Nf3+ 23. Kh1 Ne1 {0-1 (23) Tallaksen,L (2298)-Agdestein,S (2581) Sarpsborg 2018}) 23. Qxe5 Rd1+ 0-1

[Event "IIFL Wealth 4th Mumbai GM"]
[Site "Mumbai"]
[Date "2019.01.01"]
[Round "3"]
[White "Rakshitta Ravi"]
[Black "Varga, Klara"]
[Result "1-0"]
[WhiteElo "2141"]
[BlackElo "2242"]
[Annotator "TA"]
[PlyCount "99"]
[EventDate "2018.12.30"]
[EventType "swiss"]
[EventCountry "IND"]
[SourceTitle "playchess.com"]
[Source "ChessBase"]
[SourceQuality "1"]

{[%evp 9,99,54,47,47,60,45,46,48,52,54,52,31,87,82,75,81,125,115,118,34,33,35,145,75,214,205,256,245,205,177,205,200,219,231,204,58,85,94,127,109,105,120,116,58,128,149,238,231,248,204,192,188,242,202,199,195,193,196,193,187,196,201,189,176,171,176,167,154,344,343,343,343,293,293,487,474,886,900,855,860,815,808,5065,4134,4133,2061,2706,2131,5089,12009,12825,6586]} 1. e4 e6 2. d4 d5 3. Nd2 Be7 4. e5 b6 5. c3 Qd7 6. Nh3 {C03: French Tarrasch: Unusual Black 3rd moves} a5 $146 ({Predecessor:} 6... c5 7. Nf3 Ba6 8. Bxa6 Nxa6 9. O-O b5 10. Nf4 c4 11. Nh5 g6 12. Nf4 {1-0 (26) Salgado Lopez,I (2614)-Lopez Martinez,J (2547) Linares 2013}) 7. a4 Ba6 8. Bxa6 {White is slightly better.} Nxa6 9. O-O h5 10. Nb3 O-O-O (10... g6 $14) 11. Qe2 Kb7 12. Bg5 f6 13. exf6 gxf6 14. Bd2 (14. Bf4 $16) 14... Bd6 15. Bf4 Nh6 {[#]} (15... c6 $14) 16. Rfe1 (16. Qb5 $142 $1 Nb8 17. Nxa5+ Kc8 18. Qxd7+ Rxd7 19. Bxd6) 16... Rde8 (16... e5 $16 17. dxe5 fxe5 18. Bxe5 Rde8) 17. Qb5 $18 ({Weaker is} 17. Qxh5 Nf5 $15) 17... Nb8 18. Nxa5+ Kc8 19. Nb3 e5 {aiming for ...Qxb5.} 20. dxe5 fxe5 21. Bxh6 $1 Rxh6 22. Qxd7+ (22. Qxd5 $18 {Hoping for Ng5.} c6 23. Qf3) 22... Kxd7 23. a5 bxa5 24. Rxa5 c6 25. Ra7+ Bc7 26. Nf4 ({Better is} 26. c4 $16) 26... Kd6 (26... Kc8 $14) 27. Nd4 $36 {[%mdl 2048] Strongly threatening Nf5+. White is really pushing.} Rf6 (27... Kd7 $16 28. Nf5 Rh7) 28. Nxh5 $18 Rf7 29. Ng7 Ref8 {[#]} 30. Rxc7 $1 {[%mdl 64] Decoy} Rxc7 (30... Kxc7 $142 31. Nge6+ Kd6) 31. Nge6 Rcf7 {White must now prevent ...Rg8.} 32. Nxf8 Rxf8 {[%mdl 4096] Endgame KRN-KRN} 33. Nf3 Nd7 34. h4 e4 35. Ng5 Ne5 36. Rd1 Nd3 37. f3 Ke5 38. Rd2 Nf4 $2 (38... Kf4 $16) 39. fxe4 dxe4 40. g3 Nd5 41. Re2 e3 $2 (41... Nf6 {might work better.} 42. Kg2 Rg8) 42. c4 {White is clearly winning.} Kd4 (42... Nf6 $142 43. Rxe3+ Kf5 44. Rf3+ Kg6) 43. Ne6+ Kd3 {[#]} 44. Rxe3+ $3 {[%mdl 512]} Nxe3 (44... Kxe3 45. Nxf8) 45. Nxf8 Kxc4 {KN-KN} 46. h5 Ng4 47. Kg2 Kb3 48. Kh3 Nh6 49. g4 Kxb2 50. Nd7 {Accuracy: White = 69%, Black = 34%.} 1-0

[Event "IIFL Wealth 4th Mumbai GM"]
[Site "Mumbai"]
[Date "2019.01.01"]
[Round "3"]
[White "Snehal, Bhosale"]
[Black "Raahul V S"]
[Result "1-0"]
[WhiteElo "2135"]
[BlackElo "2381"]
[Annotator "TA"]
[PlyCount "53"]
[EventDate "2018.12.30"]
[EventType "swiss"]
[EventCountry "IND"]
[SourceTitle "playchess.com"]
[Source "ChessBase"]
[SourceQuality "1"]

{[%evp 20,52,33,34,59,84,226,218,247,160,261,261,235,210,327,249,229,204,225,218,273,272,300,287,400,390,483,476,786,766,29976,29980,29997,29998,29999]} 1. d4 Nf6 2. c4 g6 3. Nc3 Bg7 4. e4 d6 5. Nf3 O-O 6. Be2 e5 7. d5 a5 8. Bg5 h6 9. Be3 Ng4 10. Bc1 f5 11. exf5 {LiveBook: 25 Games. E92: King's Indian: Classical: 6 Be2 e5: 7 dxe5, 7 Be3 and Petrosian System without 7...Nbd7} Bxf5 (11... gxf5 12. g3 Na6 13. Nh4 Nc5 14. O-O e4 15. Bxg4 fxg4 16. Be3 Bd7 17. Bxc5 dxc5 18. Nxe4 Bd4 19. Qc2 {½-½ (19) Khenkin,I (2551)-Amin,B (2698) Germany 2017}) 12. h3 Nxf2 $146 (12... Nf6 $16) ({Predecessor:} 12... Nf6 13. g4 Bd7 14. Be3 g5 15. h4 Nxg4 16. hxg5 Nxe3 17. fxe3 hxg5 18. Ne4 Rf5 19. Nfd2 a4 20. Bh5 a3 21. Bg6 axb2 22. Rb1 Rxa2 23. Qh5 {1-0 (23) Egorov,V (1858)-Schalkwijk,P (1382) LSS email 2011}) 13. Kxf2 $18 {White is clearly better.} e4 14. Nh2 Bxh3+ {[#]} (14... a4 $16 {was called for.}) 15. Kg1 $1 h5 (15... Qh4 $2 16. Ng4 $18) 16. Be3 ({Less strong is} 16. gxh3 Bxc3 17. Kg2 (17. bxc3 Qh4 $17) 17... Bg7 $16) 16... Bf5 (16... Bd7 {is a better defense.} 17. Nf1 (17. Nxe4 Qe7 $14) 17... Qe7) 17. Nf1 Nd7 18. Qd2 Ne5 19. Ng3 Qe7 20. Nxf5 ({Resist} 20. Ncxe4 $6 Bg4 $18) 20... Rxf5 21. Nb5 c5 22. dxc6 Nxc6 23. Nxd6 Rff8 (23... Nd4 $142 24. Nxf5 Nxf5) 24. Qd5+ {[%mdl 64] Double Attack} Kh7 {[#]} 25. Bxh5 $1 {White mates.} gxh5 26. Qxh5+ Kg8 27. Qh7# {Accuracy: White = 97%, Black = 27%.} 1-0